Представление документа в формате RUSMARC

ПолеНазваниеЗначение
  Тип записи a
  Библиографический уровень a
001 Контрольный номер RU/CBS_UL/BASE/598896013
005 Дата корректировки 20240209175235.6
100 Данные общей обработки __
a Данные общей обработки 20181223d2018 ||| 0rusy0189 ca
101 Язык документа 0_
a Язык текста rus
102 Страна публикации __
a Страна публикации RU
105 Кодированные данные (монография) __
a Кодированные данные (монография) y###||||000|y
200 Заглавие и сведения об ответственности 1_
a Заглавие "Целую чистые, святые руки твои..."
b Общее обозначение материала Текст
e Сведения, относящиеся к заглавию [история праздника Дня матери и как отмечают его в разных странах]
f Первые сведения об ответственности С. Россинская
300 Общие примечания __
a Общие примечания Ограничения по возрасту - 16+
461 Уровень набора _0
1 2000
a Клуб
463 Уровень физической единицы _0
1 001RU/CBS_UL/BASE/595347421
1 2000
a № 11
v С. 16-18 : цв. фото
1 210
d 2018
606 Тематические рубрики 0_
a Основная рубрика Праздники - День матери
610 Ключевые слова 0_
a Ключевые слова праздники
a Ключевые слова День матери
a Ключевые слова День матери (праздники)
a Ключевые слова традиции
a Ключевые слова мамы
a Ключевые слова материнство
a Ключевые слова материнская любовь
a Ключевые слова женщины
686 Индексы других классификаций __
a Классификационный индекс 60.56
2 Код системы ББК
700 Автор _1
a Фамилия Россинская
b Имя (инициалы) С.
801 Источник записи _0
a Страна RU
b Организация МБУК ЦБС г. Ульяновска
c Дата составления 20181223
g Правила каталогизации RCR
801 Источник записи _1
a Страна RU
b Организация МБУК ЦБС г. Ульяновска
c Дата составления 20181223
g Правила каталогизации RCR
901 Тип документа __
t Тип документа b
w Контрольный № источника RU/CBS_UL/BASE/595347421
910 Корректоры записи __
a Корректор записи Библиотека 1
938 Служебная информация __
a Имя БД period